| 000 | 00693nab a2200229 a 4500 | ||
|---|---|---|---|
| 005 | 20210219160648.0 | ||
| 008 | 991125s1985 mx 000 0 spa u | ||
| 035 | _aUPN01000169990 | ||
| 100 | 1 | _aVerdugo, Miguel Angel | |
| 222 | _aSIGLO CERO | ||
| 245 | _aLa escala de intensidad de apoyos (sis) : adaptación inicial al contexto español y análisis de sus propiedades psicométricas | ||
| 260 | _aSalamanca, España | ||
| 300 | _a5-16 | ||
| 362 | 0 | _a2008 Vol. 39(1), no. 225 | |
| 653 | 0 | _aADAPTACION TRANSCULTURAL | |
| 653 | 0 | _aDISCAPACIDAD INTELECTUAL | |
| 700 | 1 | _aIbáñez, Alba, | |
| 700 | 1 | _ecoaut. | |
| 700 | 1 | _aArias, Benito, | |
| 700 | 1 | _ecoaut. | |
| 905 | _aArticulo | ||
| 999 |
_c142096 _d142096 |
||